| 000 | 003830000a22001570004500 | ||
|---|---|---|---|
| 003 | LK-CoMWRAF | ||
| 008 | 230817t ||||| |||| 00| 0 eng d | ||
| 040 |
_aLK-CoMWRAF _dLK-CoMWRAF _eLK-CoMWRAF |
||
| 041 | _aeng | ||
| 100 | _aMuthukumaran | ||
| 245 |
_aPalamoligal 5000 _b |
||
| 260 |
_bKuringji _aIndia (Chennai 49) _c2002 |
||
| 300 | _ap.224 | ||
| 650 | _aTamil Text | ||
| 942 | _cBK | ||
| 999 |
_c2431 _d2431 |
||